The Great Dalmuti - Statistieken

Algemene statistieken
  • Deze quiz is 2 keer genomen
  • De gemiddelde score is 2 van 13
Antwoordstatistieken
Hint Antwoord % Correct
1 De Grote Dalmuti
100%
13 Nar
50%
2 Aartsbisschop
0%
5 Abdis
0%
4 Barones
0%
12 Boeren
0%
10 Herderin
0%
3 Hofmaarschalk
0%
9 Kokkin
0%
8 Metselaar
0%
7 Naaister
0%
6 Ridder
0%
11 Steenhouwer
0%
Geen overeenkomende quizzen gevonden
Scoreverdeling
Procent van Mensen met Elke Score
Percentiel versus Aantal Correcte Antwoorden
Uw Scoregeschiedenis
U heeft deze quiz nog niet genomen